| 000 | 00388nam a2200157 a 4500 | ||
|---|---|---|---|
| 005 | 20140414093841.0 | ||
| 008 | 071009s19uu xx uuu eng d | ||
| 050 |
_aVCD 790 _bKIN 2005 |
||
| 245 | _aKingdom of heaven. | ||
| 260 |
_aSl : _b20th. Century Fox, _cc2005. |
||
| 300 | _a2 video disk. | ||
| 520 | _aCast: Orlando Bloom | ||
| 650 | _aFilm. | ||
| 942 | _cAVM | ||
| 999 |
_c109285 _d109285 |
||